000 00609nam a2200181Ia 4500
008 100921s9999 xx 000 0 und d
082 _b28972
_a891.468 थ 97
100 _aदेशपांडे पुरूषोत्तम लक्ष्मण.
245 _aदाद.
260 _bमौज प्रकाशन,मुंबई.
_c1997
300 _a198
_bरसिक साहित्य,पुणे
365 _b100
520 _aललित-संकीर्ण.
630 _aदाद.
650 _aललित-संकीर्ण.
730 _aदाद.
942 _cBOOK
999 _c778085
_d778082